Statistiques concernant Paroles - Pour que tu m'aimes encore

Cliquez ici pour prendre le quiz!

Statistiques générales

  • Ce quiz a été pris 429 fois
  • Le résultat moyen est 40 sur 48

Statistiques - réponses

Paroles% Correct
j'
99%
j'
99%
m
93%
m'
93%
tu
91%
tu
91%
tu
91%
l'
90%
encore
89%
encore
89%
pour
89%
pour
89%
que
89%
que
89%
aimes
88%
aimes
88%
d'
86%
les
86%
les
86%
je
82%
chercher
81%
chercher
81%
dans
81%
dans
81%
dans
81%
irai
81%
irai
81%
si
81%
si
81%
te
81%
ton
81%
ton
81%
ailleurs
80%
coeur
80%
emportes
79%
flammes
79%
âme
78%
des
78%
tes
78%
tes
78%
froids
77%
autres
76%
même
76%
heures
74%
danses
73%
dansent
72%
jetterai
71%
sorts
69%

Distribution des résultats

Percentile par nombre de réponses

% des personnes avec chaque résultat

Votre développement - résultats

Vous n’avez pas pris ce quiz